River basins

Main Author: Welcomme
Published: Rome: FAO, 1983.
Series:FAO fisheries technical paper; 202
Subjects:
LEADER 00429cam a2200157 7i4500
001 0000003665
005 20050516090000.0
020 0 0 |a 9251010218  
090 0 0 |a SH 1   |b F2 
100 1 0 |a Welcomme  
245 1 0 |a River basins   |c by R.L. Welcomme. 
260 0 0 |a Rome:   |b FAO,   |c 1983. 
300 # # |a 60 p.:   |b ill.;   |c 30 cm.. 
490 0 0 |a FAO fisheries technical paper;   |v 202 
650 0 0 |a Watersheds  
999 |a 1900040298  |b Book  |c Open Shelf  |e KOLEKSI TERBUKA